000 00766nam a2200217 a 4500
001 000020902
005 20200930011203.0
008 100823s1962 sp r 000 f spa d
040 _aDO-SdBNP
_bspa
_cBNPHU
041 1 7 _aspa
_hfre
_2Código de idioma MARC
082 _aNNNN
_bS589p
100 1 _aSimenon, Georges,
_d1903-1989
_942222
240 1 3 _aLe président.
_lEspañol.
245 1 3 _aEl presidente /
_cGeorges Simenon ; traducción de Julio Gómez de la Serna.
260 _aBarcelona :
_bLuis de Caralt,
_c1962.
300 _a208 p. ;
_c20 cm.
504 _aIncluye referencias bibliográficas y notas al pie de las páginas.
534 _pTítulo original en francés:
_tLe président.
700 1 _aGómez de la Serna, Julio,
_etr.
_912818
049 _aBNGR
999 _c20405
_d20405